00617nam a2200205Ia 4500999001700000001000600017003000900023005001700032008004100049020001800090040001300108082002100121110001500142245007800157260003900235300001100274546000700285942002000292952009900312 c31250d3125031128PK-LaUMT20220902153930.0140416s9999 xx 000 0 und d a0-8213-4854-X cPK-LaUMT aW 025.4028bWOR- aWorld Bank 4aThe World Bank research programbabstracts of current studiescWorld Bank aWashington,USA:bWorld Bank,c2000 a185 p. aEN cWEEDED OUT2ddc 00104070a01b01d2014-04-16l0oW 025.4028 WOR-p37115r2014-05-03 00:00:00w2014-05-03yBK